000 00657nam a2200241Ia 4500
003 OSt
005 20221005085734.0
006 a|||||r|||| 00| 0
007 ta
008 221004b |||||||| |||| 00| 0 eng d
024 _a77449
037 _cTextual
040 _aCRL
_cCRL
_beng
041 _2eng
_aeng
082 _aO111,1M78x, K8
100 _aMitgang Hrebert Ed.
_9614566
245 0 _aLetters of Carl Sandburg
260 _aNew York
_bHarcourt Brace & World Inc. USA
_c1968
300 _a577p.
_ccm.
650 _aENGLISH LITERATURE
942 _hO111,1M78x, K8
_cTEXL
_2cc
999 _c994723
_d994723